Geography Quiz

Random Geography or State Quiz

US States Population Map Crawl Quiz Stats

Quiz Updated Dec 8, 2017

Challenge
Share
Tweet
Score 0/10 Timer 01:00
107 Plays Today
% Correct
???
98.8%
???
86.2%
???
83.9%
???
80.1%
???
78.9%
???
74.3%
???
59%
???
58.6%
???
55%
???
53.2%

You're not logged in!

Compare scores with friends on all Sporcle quizzes.
Sign Up with Email
OR
Log In

You Might Also Like...

Show Comments

Extras

Top Quizzes Today


Score Distribution

Your Account Isn't Verified!

In order to create a playlist on Sporcle, you need to verify the email address you used during registration. Go to your Sporcle Settings to finish the process.